Puzzle fléché - Mort subite - Statistiques

Statistiques générales
  • Ce quiz a été pris 71 453 fois
  • Le résultat moyen est 30 sur 62
Answers on the Grid
Answers color-coded by a green-red scale on the quiz's grid according to % correct below.
 
Statistiques - réponses
Réponse % Correct
74%
70%
68%
66%
59%
58%
58%
57%
55%
55%
55%
55%
53%
53%
52%
51%
50%
49%
49%
49%
49%
49%
48%
48%
48%
47%
47%
47%
47%
47%
47%
47%
47%
46%
46%
45%
45%
44%
44%
44%
44%
44%
43%
43%
43%
43%
43%
43%
42%
42%
42%
41%
41%
41%
41%
41%
40%
40%
40%
40%
39%
39%
Aucun quiz correspondant
Distribution des résultats
% des personnes avec chaque résultat
Percentile par nombre de réponses
Votre historique - résultats
Vous n’avez pas pris ce quiz